|
|
|
|
| LEADER |
00710nab a2200205 i 4500 |
| 001 |
misc65669 |
| 005 |
20221027090909.0 |
| 008 |
220414s1955 hu o 0|| eng d |
| 040 |
|
|
|a SZTE Miscellanea Repozitórium
|b hun
|
| 041 |
|
|
|a eng
|
| 100 |
1 |
|
|a Henning Walter Bruno
|
| 245 |
1 |
4 |
|a The ancient language of Azerbaijan
|h [elektronikus dokumentum] /
|c Henning Walter Bruno
|
| 260 |
|
|
|a Austin & Sons
|b Hertford
|c 1955
|
| 300 |
|
|
|a 157-177
|c 21 cm
|
| 490 |
0 |
|
|a Transactions of the Philological Society
|
| 561 |
|
|
|a Németh Gyula hagyaték
|
| 591 |
|
|
|a NOP 2303
|
| 650 |
|
4 |
|a Bölcsészettudományok
|
| 650 |
|
4 |
|a Nyelvek és irodalom
|
| 856 |
4 |
0 |
|u http://misc.bibl.u-szeged.hu/65669/1/2303_nop_h60.pdf
|z Dokumentum-elérés
|